000 01143nam a22003137a 4500
003 CHAP
005 20220329135144.0
008 971013s1972 mx r 00010 spa d
010 _a31840
011 _a32812
035 _a36927
040 _cCHAP
082 _a519.92
_bM3
100 0 0 _aMartínez Garza, Angel.
_972079
245 1 _aDiseño y análisis de experimentos con caña de azúcar
260 _aChapingo, Méx. :
_bEscuela Nacional de Agricultura. Colegio de Postgraduados,
_c1972
300 _a204 p. :
_bgráfs., tablas.,
590 _aBATCH-UPD
_b10
_c20130110
_lUCH01
_h0945
590 _aBATCH-UPD
_b10
_c20130410
_lUCH01
_h0600
590 _aBATCH-UPD
_b10
_c20130914
_lUCH01
_h0835
590 _aCONVERSION
_b10
_c20130109
_lUCH01
_h1318
650 1 4 _aCaña de azúcar
_xInvestigación.
_918617
650 1 4 _aDiseños experimentales.
_932735
901 _aBK
942 _cLIBRO
949 _a519.92 M3
_bBC
_cLIBRO
_d33724000445862
_eLIBRO
_h28374
_i36927
_si
949 _a519.92 M3
_bBC
_cLIBRO
_d33724000445920
_eLIBRO
_fc.2
_h28375
_i36927
_si
949 _a519.92 M3
_bBC
_cLIBRO
_d33724002304934
_eLIBRO
_fc.3
_gDonaciØn
_h87398
_i36927
_sb
999 _c31840
_d31840